[Event "London Golders Green op U1900 3rd"]
[Site "London"]
[Date "2014.05.04"]
[Round "4"]
[White "Lim, Peter Yu Chin"]
[Black "Sivarajasingam, Shayanna"]
[Result "1-0"]
[WhiteElo "1642"]
[BlackElo "1483"]
[PlyCount "113"]
[EventDate "2014.05.03"]
[EventType "swiss"]
[EventRounds "6"]
[EventCountry "ENG"]
[SourceTitle "EXT 2018"]
[Source "ChessBase"]
[SourceDate "2017.10.13"]
[SourceVersion "1"]
[SourceVersionDate "2017.10.13"]
[SourceQuality "1"]

1. e4 e6 2. d4 d5 3. exd5 exd5 4. Nf3 Nf6 5. Bd3 Bd6 6. 0-0 0-0 7. Bg5 h6 8. Bh4 c6 9. Nbd2 Bg4 10. c3 Nbd7 11. Qc2 Qc7 12. Bf5 Bxf5 13. Qxf5 Rfe8 14. Rfe1 Rac8 15. Re3 Bf4 16. Ree1 Bd6 17. Bg3 b6 18. Qd3 Bxg3 19. hxg3 Qd6 20. Nh4 Nf8 21. Nf5 Qd7 22. Qf3 Ng6 23. Nxh6+ gxh6 24. Qxf6 Rxe1+ 25. Rxe1 Re8 26. Rxe8+ Qxe8 27. Nf3 Kh7 28. Qf5 Kg7 29. Ne5 Nxe5 30. dxe5 Qe6 31. g4 c5 32. Kf1 a6 33. Ke2 b5 34. f4 c4 35. Qxe6 fxe6 36. f5 Kf7 37. Ke3 a5 38. Kd4 b4 39. Kc5 b3 40. axb3 cxb3 41. Kb5 Ke7 42. Kxa5 Kf7 43. Kb4 Ke7 44. Kxb3 Kf7 45. Kb4 Ke7 46. Kc5 Kf7 47. Kd6 Kf8 48. Kxe6 Ke8 49. Kxd5 Kd7 50. f6 Ke8 51. e6 Kd8 52. Kd6 Ke8 53. Kc7 Kf8 54. Kd7 Kg8 55. Ke7 Kh8 56. f7 Kg7 57. f8Q+ 1-0

[Event "London op Congress August U1900"]
[Site "London"]
[Date "2013.08.26"]
[Round "5"]
[White "Lim, Peter Yu Chin"]
[Black "Klingher, Dominic"]
[Result "1-0"]
[WhiteElo "1778"]
[BlackElo "1762"]
[PlyCount "77"]
[EventDate "2013.08.24"]
[EventType "swiss"]
[EventRounds "6"]
[EventCountry "ENG"]
[SourceTitle "EXT 2023"]
[Source "ChessBase"]
[SourceDate "2022.10.05"]
[SourceVersion "1"]
[SourceVersionDate "2022.10.05"]
[SourceQuality "1"]

1. e4 e6 2. d4 d5 3. exd5 exd5 4. Nf3 Nf6 5. Bd3 Bg4 6. Bg5 Be7 7. 0-0 0-0 8. Nbd2 c6 9. c3 Nbd7 10. Re1 Re8 11. Qe2 h6 12. Bh4 c5 13. Bb5 a6 14. Bxd7 Qxd7 15. Ne5 Qc8 16. Ndf3 Bf5 17. Qd3 c4 18. Qd2 b5 19. Qd1 Ne4 20. Bxe7 Rxe7 21. Nh4 Bh7 22. Qh5 Nf6 23. Qf3 Be4 24. Qe3 Qb7 25. Qf4 Rae8 26. Nf5 Bxf5 27. Qxf5 Nd7 28. Re3 Nf6 29. Rae1 Rf8 30. Ng4 Ne4 31. f3 g6 32. Nxh6+ Kh7 33. Qf4 g5 34. Qf5+ Kxh6 35. fxe4 Rxe4 36. Qf6+ Kh7 37. Rh3+ Rh4 38. Rxh4+ gxh4 39. Re5 1-0